000
00292nam a22001097a 4500
005
20230728123011.0
008
230728b ||||| |||| 00| 0 eng d
040
_c
AL
245
_a
Study on psychosocial problems faced by the families of cancer patients
260
_c
2003
942
_2
ddc
_c
BK
999
_c
228187
_d
228187